[Event "Bronshoj Sommer Seniors"]
[Site "Copenhagen"]
[Date "2019.09.19"]
[Round "5"]
[White "Christensen, Esben"]
[Black "Sorensen, Flemming Louv"]
[Result "1/2-1/2"]
[WhiteElo "2018"]
[BlackElo "2013"]
[PlyCount "41"]
[EventDate "2019.08.15"]
[EventType "swiss"]
[EventRounds "7"]
[EventCountry "DEN"]
[SourceTitle "EXT 2021"]
[Source "ChessBase"]
[SourceDate "2020.10.23"]
[SourceVersion "1"]
[SourceVersionDate "2020.10.23"]
[SourceQuality "1"]

1. e4 d6 2. d4 Nf6 3. Bd3 e5 4. c3 d5 5. exd5 Qxd5 6. dxe5 Qxg2 7. Qf3 Qxf3 8. Nxf3 Nd5 9. Be4 c6 10. a3 Nd7 11. c4 N5b6 12. Nbd2 Nc5 13. Bc2 Bg4 14. b4 Ne6 15. Be4 a5 16. c5 Nd5 17. Bxd5 cxd5 18. Bb2 axb4 19. axb4 Rxa1+ 20. Bxa1 b6 21. cxb6 1/2-1/2